One piece: Multiple Choice Quiz - Statistics

General Stats
  • This quiz has been taken 43 times
  • The average score is 5 of 10
Answer Stats
Question Answer % Correct
Smoker Devil Fruit is:
89%
The profession of Mont Blanc Noland was: Explorer
78%
As a Conqueror’s Haki user, Monkey D. Luffy’s first clash with another Conqueror’s Haki user after the two-year time skip was against: Don Chinjao
61%
In the Sabaody Archipelago arc, Eustass Kid’s bounty was higher than Monkey D. Luffy’s by: 15 million Berry
53%
How old was Monkey D. Luffy when he ate his Devil Fruit? 7
53%
The first bounty revealed in the manga belonged to: Higuma
50%
The captain of the fifth ship in the Blackbeard Pirates crew is: Laffitte
50%
Eustass Kid is from the: South Blue
47%
The number of confirmed dead characters who possessed Supreme King Haki is: 8
36%
The first to mention the concept of Awakening of Devil Fruits was: Crocodile
17%
No matching quizzes found
Score Distribution
Percent of People with Each Score
Percentile by Number Answered
Your Score History
You have not taken this quiz